Metasploit Toolkit for Penetration Testing, Exploit Development, And Vulnerabiity Research.

This is the first book available for the Metasploit Framework (MSF), which is the attack platform of choice for one of the fastest growing careers in IT security: Penetration Testing. The book and companion Web site will provide professional penetration testers and security researchers with a fully...

Full description

Bibliographic Details
Corporate Author: ScienceDirect (Online service)
Format: eBook
Language:English
Published: [Place of publication not identified] : Syngress Media Inc, 2007.
Subjects:
Online Access:Connect to the full text of this electronic book

MARC

Tag First Indicator Second Indicator Subfields
LEADER 00000cam a2200000Ia 4500
001 in00002425238
005 20190327171530.0
006 m d
007 cr cn|
008 070802s2007 xx o 000 0 eng d
019 |a 150340931 
020 |a 9781597490740 
020 |a 1597490741 
029 1 |a NZ1  |b 12059934 
035 |a (OCoLC)ocn162131454 
035 |a (OCoLC)162131454  |z (OCoLC)150340931 
037 |a 133683:133808  |b Elsevier Science & Technology  |n http://www.sciencedirect.com 
040 |a OPELS  |c OPELS  |d OPELS  |d BTCTA  |d BAKER  |d UtOrBLW 
049 |a TXAM 
050 1 4 |a QA76.9.A25  |b M48 2007 
082 0 4 |a 005.8  |2 22 
245 0 0 |a Metasploit Toolkit for Penetration Testing, Exploit Development, And Vulnerabiity Research. 
264 1 |a [Place of publication not identified] :  |b Syngress Media Inc,  |c 2007. 
300 |a 1 online resource. 
336 |a text  |b txt  |2 rdacontent 
337 |a computer  |b c  |2 rdamedia 
338 |a online resource  |b cr  |2 rdacarrier 
520 |a This is the first book available for the Metasploit Framework (MSF), which is the attack platform of choice for one of the fastest growing careers in IT security: Penetration Testing. The book and companion Web site will provide professional penetration testers and security researchers with a fully integrated suite of tools for discovering, running, and testing exploit code. This book discusses how to use the Metasploit Framework (MSF) as an exploitation platform. The book begins with a detailed discussion of the three MSF interfaces: msfweb, msfconsole, and msfcli .This chapter demonstrates all of the features offered by the MSF as an exploitation platform. With a solid understanding of MSFs capabilities, the book then details techniques for dramatically reducing the amount of time required for developing functional exploits. By working through a real-world vulnerabilities against popular closed source applications, the reader will learn how to use the tools and MSF to quickly build reliable attacks as standalone exploits. The section will also explain how to integrate an exploit directly into the Metasploit Framework by providing a line-by-line analysis of an integrated exploit module. Details as to how the Metasploit engine drives the behind-the-scenes exploitation process will be covered, and along the way the reader will come to understand the advantages of exploitation frameworks. The final section of the book examines the Meterpreter payload system and teaches readers to develop completely new extensions that will integrate fluidly with the Metasploit Framework. A November 2004 survey conducted by "CSO Magazine" stated that 42% of chief security officers considered penetration testing to be a security priority for their organizations The Metasploit Framework is the most popular open source exploit platform, and there are no competing books The book's companion Web site offers all of the working code and exploits contained within the book. 
500 |a Electronic resource. 
650 0 |a Computer security. 
650 0 |a Open source software. 
655 7 |a Electronic books.  |2 local 
776 1 |c Original  |z 9781597490740  |z 1597490741  |w (OCoLC)150340931 
710 2 |a ScienceDirect (Online service) 
856 4 0 |u http://proxy.library.tamu.edu/login?url=http://www.sciencedirect.com/science/book/9781597490740  |z Connect to the full text of this electronic book  |t 0 
938 |a Baker & Taylor  |b BKTY  |c 59.95  |d 44.96  |i 1597490741  |n 0006736969  |s active 
994 |a 92  |b TXA 
999 |a MARS 
999 f f |s e582a1fb-25df-3f4c-a841-969f7da38446  |i 1c423611-1027-3e22-b877-dbc3bebcb4ed  |t 0 
952 f f |a Texas A&M University  |b College Station  |c Electronic Resources  |d Available Online  |t 0  |e QA76.9.A25 M48 2007  |h Library of Congress classification 
998 f f |a QA76.9.A25 M48 2007  |t 0  |l Available Online